01339nam a2200253 a 4500001001000000005001700010008004100027041000800068044000700076084002000083100004500103245009500148260004500243300001700288500029900305500018400604500000900788650005200797650005600849650003400905650004500939700005100984740005001035BRCA_244820190320203820.0181108s1810----fr-#---###---#000-0dspa-u aspa afr a087b.T68c18101 aCervantes Saavedra, Miguel ded1547-161610aEl Ingenioso Hidalgo Don Quixote de la Manchaccompuesto por Miguel de Cervantes Saavedra. aLeón (Francia)bTournachon-Molinc1810 a4 v.c17 cm. aContenido : v 1. Primera parte. Advertencia del editor. Noticia y sobre la vida y obra de Cervantes por J. M. Quintana. Dedicatoria del autor. Prólogo del autor. Versos preliminares. Texto. -- v 2. Texto. -- v 3. Segunda parte. Dedicatoria del autor. Prólogo del autor. Texto. -- v 4. Texto aCopia de la edición de Burdeos, impresa por J. Pinard, en 1804. Aunque en letra pequeña, los tipos son muy claros y está bien impresa. Edición económica Lúdovik Osterc aQM6914aNovela españolayÉpoca clásica, 1500-170014aLiteratura españolayÉpoca clásica, 1500-170014aNovela españolaySiglo XVII14aDon Quijote (Personaje ficticio)eNovela1 aQuintana, José Manueld1772-1857eBiógrafo0 aEl Ingenioso Hidalgo Don Quijote de la Mancha